| 000 | 00406cam a2200169ua 4500 | ||
|---|---|---|---|
| 020 | _c95.00 | ||
| 041 |
_aeng _h |
||
| 082 |
_a894.812865 _bVAS/NA |
||
| 100 | _aVasudevan Nair, M T. | ||
| 245 |
_aNalukettu / _cM.T.Vasudevan Nair. _hTextual Documents |
||
| 260 |
_aThrissur : _bCurrent Books , _c2008. |
||
| 300 | _a ; . | ||
| 365 | _a95.00 | ||
| 504 | _a | ||
| 942 | _cBK | ||
| 999 |
_c13549 _d13549 |
||